Central Library OPAC University of Rajshahi

Economic development and exports: (Record no. 9273)

MARC details
000 -LEADER
fixed length control field 00813nam a2200277I 4500
001 - CONTROL NUMBER
control field 9273
003 - CONTROL NUMBER IDENTIFIER
rucl marc code MCM
005 - DATE AND TIME OF LATEST TRANSACTION
control field 20211208234740.0
008 - FIXED-LENGTH DATA ELEMENTS--GENERAL INFORMATION
fixed length control field 200114s1962 ii a 000 0 eng d
035 ## - SYSTEM CONTROL NUMBER
System control number MITb10480681
System control number (OCoLC)05343281
System control number GLIS00480681
040 ## - CATALOGING SOURCE
Original cataloging agency TXA
Transcribing agency TXA
Modifying agency m/c
-- RCD
Language of cataloging eng
041 ## - LANGUAGE CODE
Language code of text/sound track or separate title eng
082 ## - DEWEY DECIMAL CLASSIFICATION NUMBER
Classification number 338.954
Author mark and year DAE 1962
090 ## - LOCALLY ASSIGNED LC-TYPE CALL NUMBER (OCLC); LOCAL CALL NUMBER (OCLC)
Classification number (OCLC) (R) ; Classification number, CALL (RLIN) (NR) HF3786
Local cutter number (OCLC) ; Book number/undivided call number, CALL (RLIN) .D234
099 ## - LOCAL FREE-TEXT CALL NUMBER (OCLC)
Bangla Class number HF3786.D234
100 1# - MAIN ENTRY--PERSONAL NAME
Personal name Datta, Bhabatosh,
Dates associated with a name 1911-
9 (RLIN) 28791
245 10 - TITLE STATEMENT
Title Economic development and exports:
Remainder of title a study of the impact of Indian economic development on exports /
Statement of responsibility, etc. [by] Bhabatosh Datta [and others]
260 ## - PUBLICATION, DISTRIBUTION, ETC. (IMPRINT)
Place of publication, distribution, etc. Calcutta,
Name of publisher, distributor, etc. World Press,
Date of publication, distribution, etc. 1962.
300 ## - PHYSICAL DESCRIPTION
Pagination vii, 213 p.
Illustrations illus.
Size 25 cm
651 #0 - SUBJECT ADDED ENTRY--GEOGRAPHIC NAME
Geographic name India
General subdivision Commerce.
9 (RLIN) 8891
942 ## - ADDED ENTRY ELEMENTS (KOHA)
Source of classification or shelving scheme Dewey Decimal Classification
Koha item type Books
949 ## - LOCAL PROCESSING INFORMATION (OCLC)
a MYGD
Holdings
Lost status Source of classification or shelving scheme Damaged status Not for loan Collection code Permanent Location Current Location Shelving location Date acquired Source of acquisition Cost, normal purchase price Total Checkouts Full call number Date last seen Copy number Koha item type
  Dewey Decimal Classification   Not For Loan Non-fiction Central Library, University of Rajshahi Central Library, University of Rajshahi Reading Room 18/03/1966 Zeitlinger 45.00   338.954 DAE 1962 20/01/2014 C-1 Books